Minerais da Escala de Mohs - Statistics

Estatísticas Gerais
  • Esse quiz foi jogado 31 vezes
  • A pontuação média é 6 de 10
Estatísticas das Respostas
Dureza Mineral % Correto
10 Diamante
88%
1 Talco
83%
7 Quartzo
79%
3 Calcita
67%
2 Gipsita
58%
9 Coríndon
54%
6 Feldspato
54%
8 Topázio
54%
5 Apatita
50%
4 Fluorita
46%
Nenhum quiz correspondente encontrado
Distribuição das Pontuações
Porcentagem de Pessoas com Cada Pontuação
Percentil de Números Respondidos
Sua Pontuação Histórica
Você não jogou esse quiz